000 00700 a2200229 4500
005 20260317154717.0
008 260317b |||||||| |||| 00| 0 eng d
020 _a9789347282485 (hbk)
037 _cTB
040 _aCRL
_cCRL
041 _2URD
_aURD
084 _aO168,3N52,BP R6
_bCRL
100 _aKhan, Rishi
_91114919
245 _aBut paraston ki nai naslen
260 _aLucknow, India:
_bMatterlink Publishers,
_c2026.
300 _a279p.
365 _b600.00
_cINR
650 _aUrdu Literature
650 _aUrdu Fiction
942 _cTB
_2CC
_hO168,3N52,BP R6
999 _c1679147
_d1679147